[Event "EU-Cup 38th"]
[Site "Durres"]
[Date "2023.10.01"]
[Round "1.2"]
[White "Devallee, Jeremie"]
[Black "Lagarde, Maxime"]
[Result "0-1"]
[WhiteElo "2210"]
[BlackElo "2626"]
[PlyCount "52"]
[EventDate "2023.10.01"]
[EventType "team-swiss"]
[EventRounds "7"]
[EventCountry "ALB"]
[SourceTitle "EXT 2024"]
[Source "ChessBase"]
[SourceDate "2023.10.10"]
[SourceVersion "1"]
[SourceVersionDate "2023.10.10"]
[SourceQuality "1"]
[WhiteTeam "TSM Schifflange"]
[BlackTeam "Chartres"]
[WhiteTeamCountry "LUX"]
[BlackTeamCountry "FRA"]

1. e4 c5 2. Nf3 Nc6 3. d4 cxd4 4. c3 dxc3 5. Nxc3 e6 6. Bc4 Bb4 7. 0-0 Nge7 8. Qc2 Ng6 9. a3 Be7 10. Ba2 0-0 11. Be3 a6 12. Na4 b5 13. Nc5 Nce5 14. Nxe5 Nxe5 15. f4 Ng4 16. Bd4 d6 17. Nd3 Bb7 18. Qe2 Bf6 19. Bxf6 Nxf6 20. e5 dxe5 21. fxe5 Qd4+ 22. Kh1 Qe4 23. Qf2 Ng4 24. Qg3 Ne3 25. Rg1 Qxd3 26. Rae1 Nxg2 0-1

[Event "FRA-ch op-A"]
[Site "Albi"]
[Date "2022.08.20"]
[Round "8"]
[White "Grancher, Etienne"]
[Black "Devallee, Jeremie"]
[Result "0-1"]
[WhiteElo "1999"]
[BlackElo "2186"]
[PlyCount "84"]
[EventDate "2022.08.13"]
[EventType "swiss"]
[EventRounds "9"]
[EventCountry "FRA"]
[SourceTitle "CBM 210 Extra"]
[Source "ChessBase"]
[SourceDate "2022.11.30"]
[SourceVersion "1"]
[SourceVersionDate "2022.11.30"]
[SourceQuality "1"]

1. e4 c5 2. Ne2 d6 3. g3 Nc6 4. Bg2 g6 5. c3 Bg7 6. 0-0 h5 7. h3 h4 8. g4 f5 9. f3 e5 10. Na3 Nge7 11. Nc2 d5 12. d3 Be6 13. Be3 Qd6 14. d4 dxe4 15. fxe4 Bc4 16. d5 0-0-0 17. dxc6 Qxc6 18. Qe1 f4 19. Bf2 g5 20. Bf3 Rd3 21. Kg2 Rhd8 22. Rh1 Rxf3 23. Kxf3 Rd3+ 24. Kg2 f3+ 25. Kg1 fxe2 26. Ne3 Ba6 27. Qxe2 Qxe4 28. Rd1 Nd5 29. Rxd3 Bxd3 30. Qd2 Nf4 31. Rh2 Ne2+ 32. Kf1 Nd4+ 33. Ke1 Nf3+ 34. Kd1 Nxd2 35. Kxd2 Qf4 36. Bg1 e4 37. a3 Bd4 38. cxd4 cxd4 39. Rh1 a5 40. b4 a4 41. b5 Kd7 42. b6 Ke6 0-1

[Event "Angers op 15th"]
[Site "Angers"]
[Date "2022.05.29"]
[Round "5"]
[White "Lucas, Arthur"]
[Black "Devallee, Jeremie"]
[Result "1-0"]
[WhiteElo "2327"]
[BlackElo "2220"]
[PlyCount "81"]
[EventDate "2022.05.27"]
[EventType "swiss"]
[EventRounds "6"]
[EventCountry "FRA"]
[SourceTitle "CBM 208 Extra"]
[Source "ChessBase"]
[SourceDate "2022.07.31"]
[SourceVersion "1"]
[SourceVersionDate "2022.07.31"]
[SourceQuality "1"]

1. Nf3 f5 2. d3 Nf6 3. e4 e6 4. e5 Nd5 5. c4 Bb4+ 6. Bd2 Bxd2+ 7. Qxd2 Ne7 8. d4 0-0 9. Nc3 d6 10. 0-0-0 Nbc6 11. exd6 Qxd6 12. Nb5 Qd8 13. d5 a6 14. dxc6 Qxd2+ 15. Nxd2 axb5 16. cxb7 Bxb7 17. cxb5 Rxa2 18. Bc4 Ra1+ 19. Kc2 Rxd1 20. Bxe6+ Kh8 21. Rxd1 Bxg2 22. Nc4 Be4+ 23. Kc3 c6 24. b6 Bd5 25. Bxd5 Nxd5+ 26. Rxd5 cxd5 27. Nd6 Rb8 28. b7 g5 29. Kd4 f4 30. Kxd5 h5 31. Kc6 g4 32. Kc7 Rf8 33. b8Q Rxb8 34. Kxb8 Kh7 35. Kc7 Kg6 36. Kc6 h4 37. Ne4 g3 38. fxg3 fxg3 39. hxg3 h3 40. Nf2 h2 41. Kd5 1-0

[Event "Vandoeuvre op 18th"]
[Site "Vandoeuvre"]
[Date "2021.12.19"]
[Round "2"]
[White "Devallee, Jeremie"]
[Black "Bauer, Christian"]
[Result "0-1"]
[WhiteElo "2270"]
[BlackElo "2640"]
[PlyCount "66"]
[EventDate "2021.12.19"]
[EventType "swiss"]
[EventRounds "9"]
[EventCountry "FRA"]
[SourceTitle "CBM 205 Extra"]
[Source "ChessBase"]
[SourceDate "2022.01.31"]
[SourceVersion "1"]
[SourceVersionDate "2022.01.31"]
[SourceQuality "1"]

1. e4 e6 2. d4 d5 3. exd5 exd5 4. Bd3 Nc6 5. c3 Bd6 6. Nf3 Bg4 7. 0-0 Nge7 8. Re1 Qd7 9. Nbd2 0-0 10. Nf1 Bf5 11. Ne5 Bxe5 12. dxe5 Rae8 13. Bg5 Bxd3 14. Qxd3 Ng6 15. Red1 Rxe5 16. f4 Ree8 17. f5 Nge5 18. Qg3 f6 19. Bh6 Kh8 20. Bf4 Ne7 21. Ne3 c6 22. Qh3 Ng8 23. Rd4 g5 24. Bxe5 fxe5 25. Ra4 d4 26. cxd4 exd4 27. Nf1 b5 28. Ra6 d3 29. Rd1 Qd4+ 30. Kh1 g4 31. Qg3 Rxf5 32. Ra3 d2 33. Rd3 Re1 0-1

[Event "Nancy Blitz 19th"]
[Site "Nancy"]
[Date "2021.10.23"]
[Round "3"]
[White "Baskin, Robert"]
[Black "Devallee, Jeremie"]
[Result "0-1"]
[WhiteElo "2398"]
[BlackElo "2214"]
[PlyCount "68"]
[EventDate "2021.10.23"]
[EventType "swiss (blitz)"]
[EventRounds "11"]
[EventCountry "FRA"]
[SourceTitle "CBM 204 Extra"]
[Source "ChessBase"]
[SourceDate "2021.11.30"]
[SourceVersion "1"]
[SourceVersionDate "2021.11.30"]
[SourceQuality "1"]

1. e4 c5 2. Nf3 d6 3. d4 cxd4 4. Nxd4 Nf6 5. Nc3 a6 6. Be3 e6 7. Be2 Nbd7 8. Qd2 b5 9. a3 Bb7 10. f3 Rc8 11. g4 Nb6 12. a4 Nc4 13. Bxc4 bxc4 14. 0-0 Be7 15. a5 0-0 16. Nde2 d5 17. e5 Nd7 18. f4 Nc5 19. Bd4 Ne4 20. Nxe4 dxe4 21. Qe3 f5 22. exf6 Bxf6 23. Bxf6 Qxf6 24. Nc3 Qg6 25. g5 e5 26. fxe5 Rf3 27. Rxf3 exf3 28. Rf1 Qxc2 29. Rf2 Qf5 30. h4 Qg4+ 31. Kf1 Qxh4 32. Ke1 Rd8 33. e6 Qg4 34. e7 Qg1+ 0-1

[Event "FRA-chT Top 12"]
[Site "Chalons en Champagne"]
[Date "2021.06.24"]
[Round "1.5"]
[White "Devallee, Jeremie"]
[Black "Papadiamandis, Elliot"]
[Result "1/2-1/2"]
[WhiteElo "2220"]
[BlackElo "2327"]
[PlyCount "66"]
[EventDate "2021.06.24"]
[EventType "team-tourn"]
[EventRounds "11"]
[EventCountry "FRA"]
[SourceTitle "CBM 203 Extra"]
[Source "ChessBase"]
[SourceDate "2021.09.30"]
[SourceVersion "1"]
[SourceVersionDate "2021.09.30"]
[SourceQuality "1"]
[WhiteTeam "Chartres"]
[BlackTeam "Mulhouse Philidor"]
[WhiteTeamCountry "FRA"]
[BlackTeamCountry "FRA"]

1. e4 c5 2. d4 cxd4 3. c3 e5 4. Nf3 Nc6 5. cxd4 exd4 6. Nxd4 Bb4+ 7. Nc3 Nf6 8. Nc2 Bxc3+ 9. bxc3 0-0 10. Bd3 d5 11. exd5 Re8+ 12. Ne3 Nxd5 13. 0-0 Nf4 14. Bb5 Qf6 15. Nd5 Nxd5 16. Qxd5 Qxc3 17. Bd2 Qf6 18. Rfe1 Be6 19. Qc5 Qf5 20. Qxf5 Bxf5 21. a4 a6 22. Bf1 Nd4 23. Bc3 Nb3 24. Rad1 Rxe1 25. Rxe1 Be6 26. Re3 Rd8 27. Be2 Nd4 28. a5 Nxe2+ 29. Rxe2 Kf8 30. f4 h5 31. Kf2 Rd5 32. Re5 Rxe5 33. Bxe5 f6 1/2-1/2

[Event "EU-Cup Online Gr-I"]
[Site "Tornelo INT"]
[Date "2021.03.28"]
[Round "9.3"]
[White "Devallee, Jeremie"]
[Black "Klekowski, Maciej"]
[Result "0-1"]
[WhiteElo "2220"]
[BlackElo "2510"]
[PlyCount "82"]
[EventDate "2021.03.27"]
[EventType "team-tourn (rapid)"]
[EventRounds "9"]
[EventCountry "NET"]
[SourceTitle "CBM 201 Extra"]
[Source "ChessBase"]
[SourceDate "2021.05.31"]
[SourceVersion "1"]
[SourceVersionDate "2021.05.31"]
[SourceQuality "1"]
[WhiteTeam "Chartres II"]
[BlackTeam "Poland Hussars"]
[WhiteTeamCountry "FRA"]
[BlackTeamCountry "POL"]

1. e4 c5 2. d4 cxd4 3. c3 Nf6 4. e5 Nd5 5. Nf3 Nc6 6. Bc4 e6 7. cxd4 d6 8. 0-0 Be7 9. Qe2 0-0 10. Nc3 Nxc3 11. bxc3 dxe5 12. dxe5 Qc7 13. Bd3 b6 14. Qe4 g6 15. Bg5 Bxg5 16. Nxg5 Nxe5 17. Rfd1 h6 18. Nh7 Bb7 19. Nf6+ Kg7 20. Qh4 Qd8 21. Be4 Qxf6 22. Qxf6+ Kxf6 23. Bxb7 Rab8 24. Ba6 Rfd8 25. Kf1 Nd7 26. Rd4 Nc5 27. Be2 e5 28. Rh4 h5 29. Ke1 Rbc8 30. a4 Ne6 31. c4 Nf4 32. Bf1 g5 33. Rxf4+ exf4 34. a5 Rc5 35. axb6 axb6 36. Rb1 Re5+ 37. Be2 Rd6 38. Kf1 g4 39. h3 Kg5 40. hxg4 hxg4 41. Rc1 Rh6 0-1

[Event "EU-Cup Online Gr-I"]
[Site "Tornelo INT"]
[Date "2021.03.27"]
[Round "4.4"]
[White "Daulyte Cornette, Deimante"]
[Black "Devallee, Jeremie"]
[Result "1-0"]
[WhiteElo "2387"]
[BlackElo "2220"]
[PlyCount "55"]
[EventDate "2021.03.27"]
[EventType "team-tourn (rapid)"]
[EventRounds "9"]
[EventCountry "NET"]
[SourceTitle "CBM 201 Extra"]
[Source "ChessBase"]
[SourceDate "2021.05.31"]
[SourceVersion "1"]
[SourceVersionDate "2021.05.31"]
[SourceQuality "1"]
[WhiteTeam "Schwaebisch Hall (W)"]
[BlackTeam "Chartres II"]
[WhiteTeamCountry "GER"]
[BlackTeamCountry "FRA"]

1. e4 c5 2. Nc3 d6 3. f4 g6 4. Nf3 Bg7 5. Bb5+ Nd7 6. 0-0 a6 7. Bc4 e6 8. f5 Ne5 9. fxe6 fxe6 10. d3 Nf6 11. Nxe5 dxe5 12. Be3 Qc7 13. a4 b6 14. Qe2 0-0 15. Rf2 Bd7 16. Raf1 Ne8 17. Rxf8+ Bxf8 18. Qf2 Nd6 19. Nd5 Qd8 20. Nf6+ Kh8 21. Qh4 h5 22. Qg5 Be8 23. Nxh5 Qxg5 24. Rxf8+ Kh7 25. Bxg5 gxh5 26. Bxe6 Bc6 27. Rxa8 Bxa8 28. Bf6 1-0

[Event "Cappelle Online Blitz op"]
[Site "Europe Echecs INT"]
[Date "2021.03.07"]
[Round "2"]
[White "Devallee, Jeremie"]
[Black "Chigaev, Maksim"]
[Result "0-1"]
[WhiteElo "2220"]
[BlackElo "2631"]
[PlyCount "76"]
[EventDate "2021.03.07"]
[EventType "swiss (blitz)"]
[EventRounds "11"]
[EventCountry "FRA"]
[SourceTitle "CBM 201 Extra"]
[Source "ChessBase"]
[SourceDate "2021.05.31"]
[SourceVersion "1"]
[SourceVersionDate "2021.05.31"]
[SourceQuality "1"]

1. e4 c5 2. d4 cxd4 3. c3 d3 4. Bxd3 Nc6 5. c4 g6 6. Nc3 Bg7 7. Nf3 d6 8. h3 Nf6 9. Be3 0-0 10. Rc1 b6 11. b3 Bb7 12. Qd2 Rc8 13. Bh6 Nd7 14. Bxg7 Kxg7 15. h4 h5 16. Ng5 Nce5 17. Be2 Nf6 18. 0-0 a6 19. Nd5 Ned7 20. f4 e6 21. Nc3 Nc5 22. Bf3 Qe7 23. Rce1 Rcd8 24. b4 Ncd7 25. a3 Ba8 26. e5 dxe5 27. Bxa8 Rxa8 28. fxe5 Ng4 29. Qf4 Rae8 30. Rf3 Ndxe5 31. Rxe5 Nxe5 32. Qxe5+ f6 33. Qe3 fxg5 34. Qe5+ Kg8 35. Ne4 Rf5 36. Nf6+ Kh8 37. Rxf5 exf5 38. Qb2 Qe1+ 0-1

[Event "Cappelle Online Bullet op"]
[Site "Europe Echecs INT"]
[Date "2021.03.05"]
[Round "4"]
[White "Devallee, Jeremie"]
[Black "Solodovnichenko, Yuri"]
[Result "1-0"]
[WhiteElo "2220"]
[BlackElo "2546"]
[PlyCount "111"]
[EventDate "2021.03.05"]
[EventType "swiss (blitz)"]
[EventRounds "15"]
[EventCountry "FRA"]
[SourceTitle "EXT 2022"]
[Source "ChessBase"]
[SourceDate "2021.10.06"]
[SourceVersion "1"]
[SourceVersionDate "2021.10.06"]
[SourceQuality "1"]

1. e4 c5 2. d4 e6 3. d5 exd5 4. exd5 Nf6 5. c4 d6 6. Nc3 g6 7. Bd3 Bg7 8. Nf3 0-0 9. 0-0 Nbd7 10. Re1 Ng4 11. h3 Nge5 12. Bf1 Nxf3+ 13. Qxf3 Ne5 14. Qg3 a5 15. f4 Nd7 16. Bd3 Nf6 17. f5 Re8 18. Bd2 Nh5 19. Qf3 Qf6 20. g4 Qd4+ 21. Kg2 Nf6 22. Rxe8+ Nxe8 23. Re1 Nf6 24. Ne4 Qxb2 25. Nxf6+ Bxf6 26. Re8+ Kg7 27. Qe2 Be5 28. g5 Bxf5 29. Rxa8 Bxd3 30. Qxd3 Bf4 31. Qc3+ Be5 32. Qxb2 Bxb2 33. Bf4 f6 34. Bxd6 Bd4 35. Ra7 fxg5 36. Rxb7+ Kf6 37. Rb5 Kf5 38. Bxc5 Bc3 39. Bf2 h5 40. d6+ Ke6 41. d7 Kxd7 42. c5 Kc6 43. Rb6+ Kd5 44. Rxg6 Be5 45. Rxg5 Ke6 46. Rxh5 Bc7 47. Re5+ Kxe5 48. h4 Kd5 49. Bg3 Kc6 50. Bxc7 Kxc7 51. h5 Kc6 52. h6 Kxc5 53. h7 Kb4 54. h8Q Ka3 55. Qg7 Kb4 56. Qg6 1-0

[Event "Cappelle Online Bullet op"]
[Site "Europe Echecs INT"]
[Date "2021.03.05"]
[Round "13"]
[White "Guliyev, Namig"]
[Black "Devallee, Jeremie"]
[Result "0-1"]
[WhiteElo "2538"]
[BlackElo "2220"]
[PlyCount "76"]
[EventDate "2021.03.05"]
[EventType "swiss (blitz)"]
[EventRounds "15"]
[EventCountry "FRA"]
[SourceTitle "EXT 2022"]
[Source "ChessBase"]
[SourceDate "2021.10.06"]
[SourceVersion "1"]
[SourceVersionDate "2021.10.06"]
[SourceQuality "1"]

1. e4 c5 2. Nf3 d6 3. d4 cxd4 4. Nxd4 Nf6 5. Nc3 a6 6. Be3 e6 7. Bc4 Nbd7 8. Bb3 b5 9. f4 Qc7 10. Qf3 Bb7 11. a3 Nc5 12. 0-0 Ncxe4 13. Nxe4 Bxe4 14. Qh3 d5 15. Rae1 Bc5 16. Nxe6 Bxe3+ 17. Rxe3 fxe6 18. Qxe6+ Qe7 19. Qc6+ Kf7 20. Rxe4 Qxe4 21. Qb7+ Qe7 22. Bxd5+ Nxd5 23. Qxd5+ Qe6 24. Qh5+ g6 25. Qg5 Rhe8 26. f5 Qe3+ 27. Qxe3 Rxe3 28. fxg6+ Kxg6 29. h4 Rae8 30. Rf4 Re1+ 31. Kh2 R1e4 32. h5+ Kg5 33. Rf7 Re2 34. Rg7+ Kh6 35. Ra7 Rg8 36. Rxa6+ Kxh5 37. Rb6 Rexg2+ 38. Kh3 R8g3# 0-1

[Event "Cappelle Online Bullet op"]
[Site "Europe Echecs INT"]
[Date "2021.03.05"]
[Round "15"]
[White "Larino Nieto, David"]
[Black "Devallee, Jeremie"]
[Result "1-0"]
[WhiteElo "2461"]
[BlackElo "2220"]
[PlyCount "93"]
[EventDate "2021.03.05"]
[EventType "swiss (blitz)"]
[EventRounds "15"]
[EventCountry "FRA"]
[SourceTitle "EXT 2022"]
[Source "ChessBase"]
[SourceDate "2021.10.06"]
[SourceVersion "1"]
[SourceVersionDate "2021.10.06"]
[SourceQuality "1"]

1. f3 g6 2. d3 Bg7 3. Kf2 e5 4. Ke3 d5 5. Kd2 d4 6. Ke1 c5 7. g3 Nc6 8. Bg2 f5 9. Kf2 Nf6 10. e3 dxe3+ 11. Bxe3 Nd4 12. Bd2 0-0 13. Nc3 b6 14. Nge2 Bb7 15. Rf1 Nxe2 16. Qxe2 Re8 17. Kg1 Qd7 18. Rae1 Rad8 19. h3 Nd5 20. Kh2 Nxc3 21. Bxc3 e4 22. Bxg7 exf3 23. Qf2 fxg2 24. Rg1 Kxg7 25. a3 Rxe1 26. Rxe1 Re8 27. Rg1 Qe6 28. b4 Qe2 29. Qf4 Qe5 30. Qf2 Qd4 31. Qd2 h5 32. h4 f4 33. gxf4 Qe3 34. Qc3+ Qd4 35. Qd2 Qe3 36. Qxe3 Rxe3 37. bxc5 Rf3 38. cxb6 axb6 39. Rxg2 Rxf4 40. Re2 Rxh4+ 41. Kg3 Rg4+ 42. Kf2 Kh6 43. Ke3 Rg5 44. Kd2 Rf5 45. d4 Rf6 46. Re7 Rd6 47. Rxb7 1-0

[Event "Cappelle Online Bullet op"]
[Site "Europe Echecs INT"]
[Date "2021.03.05"]
[Round "1"]
[White "Roumegous, Adrien"]
[Black "Devallee, Jeremie"]
[Result "0-1"]
[WhiteElo "1330"]
[BlackElo "2220"]
[PlyCount "27"]
[EventDate "2021.03.05"]
[EventType "swiss (blitz)"]
[EventRounds "15"]
[EventCountry "FRA"]
[SourceTitle "EXT 2022"]
[Source "ChessBase"]
[SourceDate "2021.10.06"]
[SourceVersion "1"]
[SourceVersionDate "2021.10.06"]
[SourceQuality "1"]

1. e4 c5 2. Nf3 d6 3. d4 cxd4 4. Nxd4 Nf6 5. Nc3 g6 6. Be2 Bg7 7. Be3 0-0 8. Qd2 Nc6 9. 0-0-0 Ng4 10. Bf4 Nxd4 11. Qxd4 Bxd4 12. Rxd4 e5 13. Bh6 Nxh6 14. Rd3 0-1

[Event "Ville d'Orsay online Blitz"]
[Site "Europe Echecs INT"]
[Date "2021.02.07"]
[Round "7"]
[White "Basic, Bosko"]
[Black "Devallee, Jeremie"]
[Result "0-1"]
[WhiteElo "1977"]
[BlackElo "2220"]
[PlyCount "108"]
[EventDate "2021.02.07"]
[EventType "swiss (blitz)"]
[EventRounds "11"]
[EventCountry "FRA"]
[SourceTitle "CBM 200 Extra"]
[Source "ChessBase"]
[SourceDate "2021.03.31"]
[SourceVersion "1"]
[SourceVersionDate "2021.03.31"]
[SourceQuality "1"]

1. Nf3 g6 2. d4 Bg7 3. g3 Nf6 4. Bg2 0-0 5. 0-0 c5 6. c3 d5 7. Bg5 Nc6 8. Bxf6 Bxf6 9. dxc5 a5 10. Nbd2 a4 11. a3 Qa5 12. e4 Qxc5 13. exd5 Qxd5 14. Nd4 Qd7 15. Nxc6 bxc6 16. Nf3 Qxd1 17. Raxd1 Rb8 18. Rd2 c5 19. Re1 Be6 20. h4 Rfd8 21. Rxd8+ Rxd8 22. Re2 Rd1+ 23. Kh2 h6 24. Rd2 Rb1 25. Re2 Kg7 26. Ne1 Bc4 27. Re3 Rxb2 28. Bc6 Bb3 29. Kg2 Ra2 30. Nd3 c4 31. Nf4 e6 32. h5 g5 33. Ne2 Rxa3 34. Bb5 Ra1 35. Re4 Re1 36. Kf3 a3 37. Bxc4 Bxc4 38. Rxc4 a2 39. Ra4 a1Q 40. Rxa1 Rxa1 41. Ke4 Re1 42. Kd3 Rxe2 43. Kxe2 Bxc3 44. f3 f5 45. Kd3 Bf6 46. Ke3 Kf7 47. Kd3 Ke7 48. Ke3 Kd6 49. Kd3 Kd5 50. Ke3 Bd4+ 51. Kd3 e5 52. Ke2 e4 53. fxe4+ fxe4 54. g4 Ke5 0-1